[Event "Feffernitz op 28th"]
[Site "Feffernitz"]
[Date "2019.08.23"]
[Round "7"]
[White "Kesik, Klaus Dieter"]
[Black "Vita, Fabrizio"]
[Result "1-0"]
[WhiteElo "2216"]
[BlackElo "2078"]
[PlyCount "77"]
[EventDate "2019.08.18"]
[EventType "swiss"]
[EventRounds "9"]
[EventCountry "AUT"]
[SourceTitle "EXT 2020"]
[Source "ChessBase"]
[SourceDate "2019.10.17"]
[SourceVersion "1"]
[SourceVersionDate "2019.10.17"]
[SourceQuality "1"]

1. d4 g6 2. e4 Bg7 3. Nc3 c5 4. d5 d6 5. Be2 Nf6 6. Nf3 Bg4 7. 0-0 0-0 8. a4 Bxf3 9. Bxf3 Na6 10. Bg5 Rb8 11. Nb5 Qa5 12. Bd2 Nb4 13. Qb1 Qb6 14. c3 Na6 15. Be2 e6 16. Bf4 Ne8 17. Rd1 e5 18. Bg5 f6 19. Be3 f5 20. f3 f4 21. Bf2 Rf7 22. a5 Qd8 23. Nxa7 g5 24. Bxa6 bxa6 25. Nc6 Qc8 26. Nxb8 Qxb8 27. b4 c4 28. b5 axb5 29. a6 Nc7 30. a7 Qc8 31. Qb4 Bf8 32. h3 h5 33. Kf1 g4 34. hxg4 hxg4 35. Ke2 Rg7 36. Qa5 Na8 37. Rab1 gxf3+ 38. gxf3 Rg2 39. Rg1 1-0

[Event "Feffernitz op 28th"]
[Site "Feffernitz"]
[Date "2019.08.22"]
[Round "6"]
[White "Vita, Fabrizio"]
[Black "Riemelmoser, Franz"]
[Result "1-0"]
[WhiteElo "2078"]
[BlackElo "2244"]
[PlyCount "165"]
[EventDate "2019.08.18"]
[EventType "swiss"]
[EventRounds "9"]
[EventCountry "AUT"]
[SourceTitle "EXT 2020"]
[Source "ChessBase"]
[SourceDate "2019.10.17"]
[SourceVersion "1"]
[SourceVersionDate "2019.10.17"]
[SourceQuality "1"]

1. Nf3 Nf6 2. g3 b5 3. Bg2 Bb7 4. 0-0 e6 5. c3 c5 6. d4 Be7 7. Na3 Qb6 8. Nc2 0-0 9. Be3 d6 10. Qc1 Nc6 11. a4 Na5 12. Qd1 Nc4 13. axb5 Nxe3 14. Nxe3 Qxb5 15. Qa4 Qxa4 16. Rxa4 d5 17. Rfa1 a6 18. Nc2 Nd7 19. e3 Rfc8 20. Bf1 c4 21. Ne5 Nb6 22. R4a2 f6 23. Nf3 Kf7 24. Be2 Rab8 25. Kf1 Na8 26. Ke1 Nc7 27. Kd2 Bc6 28. h4 g6 29. Nce1 Rb6 30. Ng2 Rcb8 31. Kc2 Bd7 32. h5 g5 33. Nh2 Bd6 34. Ng4 Bc8 35. Rf1 e5 36. f4 gxf4 37. gxf4 Bf5+ 38. Kc1 exd4 39. Nh6+ Ke6 40. Nxf5 Kxf5 41. exd4 Ke6 42. Re1 Kf7 43. Bf3 f5 44. Kc2 Rb5 45. h6 Kf6 46. Rh1 Ne6 47. Rh4 a5 48. Kc1 a4 49. Rxa4 Rxb2 50. Bxd5 Rb1+ 51. Kd2 R8b2+ 52. Ke3 Rd1 53. Rxc4 Rdd2 54. Rc6 Ke7 55. Rh5 Nc7 56. Rxf5 Rxg2 57. Rf7+ Ke8 58. Bxg2 Kxf7 59. Rxd6 Ne8 60. Bd5+ Ke7 61. Re6+ Kd7 62. Ra6 Nc7 63. Ra7 Rb6 64. Be4 Rxh6 65. c4 Rh3+ 66. Bf3 Kd8 67. Ra5 Ne8 68. Rh5 Rg3 69. Rxh7 Nf6 70. Rf7 Ng8 71. Ke2 Nh6 72. Rf6 Ng8 73. Ra6 Ne7 74. Rd6+ Kc7 75. Rf6 Kd7 76. c5 Ng8 77. Rd6+ Ke7 78. Ra6 Nf6 79. d5 Nd7 80. Ra7 Kd8 81. c6 Nb6 82. Rb7 Nc4 83. d6 1-0

[Event "Lignano Sabbiadoro op 1st"]
[Site "Lignano Sabbiadoro"]
[Date "2015.08.06"]
[Round "7.10"]
[White "Vita, Fabrizio"]
[Black "Balzan, Marco"]
[Result "1-0"]
[WhiteElo "2058"]
[BlackElo "1954"]
[PlyCount "41"]
[EventDate "2015.08.01"]
[EventType "swiss"]
[EventRounds "9"]
[EventCountry "ITA"]
[SourceTitle "EXT 2024"]
[Source "ChessBase"]
[SourceDate "2023.10.10"]
[SourceVersion "1"]
[SourceVersionDate "2023.10.10"]
[SourceQuality "1"]

1. c4 e5 2. Nc3 Nf6 3. g3 d5 4. cxd5 Nxd5 5. Nf3 Nb6 6. Bg2 Nc6 7. a3 a5 8. 0-0 Be7 9. d3 0-0 10. Be3 Be6 11. Ne4 Nd5 12. Bc5 f6 13. Rc1 Bf7 14. d4 Bxc5 15. Nxc5 b6 16. Nb3 Nxd4 17. Nbxd4 exd4 18. Nxd4 c5 19. Nc6 Qd7 20. Bxd5 Bxd5 21. Qxd5+ 1-0

[Event "Lignano Sabbiadoro op 1st"]
[Site "Lignano Sabbiadoro"]
[Date "2015.08.04"]
[Round "5.7"]
[White "Vuelban, Virgilio"]
[Black "Vita, Fabrizio"]
[Result "1-0"]
[WhiteElo "2349"]
[BlackElo "2058"]
[PlyCount "53"]
[EventDate "2015.08.01"]
[EventType "swiss"]
[EventRounds "9"]
[EventCountry "ITA"]
[SourceTitle "EXT 2024"]
[Source "ChessBase"]
[SourceDate "2023.10.10"]
[SourceVersion "1"]
[SourceVersionDate "2023.10.10"]
[SourceQuality "1"]

1. d4 Nf6 2. c4 g6 3. Nc3 Bg7 4. e4 d6 5. Be2 0-0 6. Bg5 c5 7. d5 a6 8. Qd2 b5 9. cxb5 Qa5 10. a4 axb5 11. Bxb5 Ba6 12. f3 Nxe4 13. fxe4 Bxc3 14. bxc3 Bxb5 15. Nf3 Nd7 16. Kf2 Bxa4 17. Rhe1 f6 18. Bh6 Rfb8 19. h4 Rb3 20. Qf4 Qxc3 21. Qg4 Ne5 22. Qe6+ Kh8 23. Rxa4 Rb2+ 24. Kf1 Qd3+ 25. Kg1 Rxg2+ 26. Kh1 Ra2 27. Nxe5 1-0

[Event "Di Roseto op 1st"]
[Site "Di Roseto"]
[Date "2010.06.11"]
[Round "8"]
[White "Vita, Fabrizio"]
[Black "Prelati, Maurizio"]
[Result "1-0"]
[WhiteElo "2082"]
[BlackElo "2120"]
[PlyCount "47"]
[EventDate "2010.06.04"]
[EventType "swiss"]
[EventRounds "9"]
[EventCountry "ITA"]
[SourceTitle "CBM 136 Extra"]
[Source "ChessBase"]
[SourceDate "2010.07.02"]
[SourceVersion "2"]
[SourceVersionDate "2010.07.15"]
[SourceQuality "1"]

1. c4 c5 2. Nc3 g6 3. Nf3 Bg7 4. d4 cxd4 5. Nxd4 Nc6 6. Nc2 Nf6 7. e4 d6 8. Be2 0-0 9. 0-0 Be6 10. Rb1 Rc8 11. Be3 b6 12. f3 Nd7 13. Qd2 f5 14. exf5 Bxf5 15. Rbc1 Nf6 16. b3 Qe8 17. Nd5 Qf7 18. Bg5 Nxd5 19. cxd5 Bxc2 20. dxc6 Bf5 21. Bc4 Be6 22. Bxe6 Qxe6 23. Rfe1 Be5 24. f4 1-0

[Event "Di Roseto op 1st"]
[Site "Di Roseto"]
[Date "2010.06.09"]
[Round "6"]
[White "Vita, Fabrizio"]
[Black "Pienabarca, Nicola"]
[Result "0-1"]
[WhiteElo "2082"]
[BlackElo "2097"]
[PlyCount "128"]
[EventDate "2010.06.04"]
[EventType "swiss"]
[EventRounds "9"]
[EventCountry "ITA"]
[SourceTitle "CBM 136 Extra"]
[Source "ChessBase"]
[SourceDate "2010.07.02"]
[SourceVersion "2"]
[SourceVersionDate "2010.07.15"]
[SourceQuality "1"]

1. c4 e5 2. Nc3 Nf6 3. Nf3 d6 4. d4 e4 5. Ng5 Qe7 6. Qc2 Nc6 7. e3 Bf5 8. h4 h6 9. Nh3 Qd7 10. Nf4 Ne7 11. b3 g6 12. Bb2 Bg7 13. Be2 c6 14. g3 a6 15. Na4 Nc8 16. c5 d5 17. Bc3 Bg4 18. Bf1 Nh5 19. Nxh5 Bxh5 20. Ba5 Bg4 21. Nc3 Ne7 22. Bg2 Qe6 23. Bc7 Bf6 24. b4 Rc8 25. Bb6 Kf8 26. Ne2 Kg7 27. a4 Ra8 28. Ra2 g5 29. h5 Qf5 30. Ng1 Nc8 31. f3 exf3 32. Qxf5 Bxf5 33. Nxf3 Nxb6 34. cxb6 Be7 35. Rb2 a5 36. b5 Bb4+ 37. Ke2 cxb5 38. axb5 Bd7 39. Ne5 Bxb5+ 40. Kf2 f6 41. Ng6 Rhd8 42. Ne7 Bc4 43. Nf5+ Kh7 44. e4 Ra6 45. exd5 Bxd5 46. Rc2 Bxg2 47. Rc7+ Kh8 48. Kxg2 Bf8 49. Rxb7 a4 50. Ra1 a3 51. Ra2 Ra5 52. g4 Rb5 53. Kf3 Re8 54. Ra1 Rb3+ 55. Kf2 Rc8 56. Ke2 Bb4 57. Rc7 Re8+ 58. Kf1 Bc3 59. Rxc3 Rxc3 60. b7 Rb8 61. Nd6 Rc6 62. Nb5 Rxb7 63. Nxa3 Ra6 64. Ke2 Rba7 0-1

[Event "Di Roseto op 1st"]
[Site "Di Roseto"]
[Date "2010.06.07"]
[Round "4"]
[White "Vita, Fabrizio"]
[Black "Bellincampi, Stefano"]
[Result "1/2-1/2"]
[WhiteElo "2082"]
[BlackElo "2046"]
[PlyCount "93"]
[EventDate "2010.06.04"]
[EventType "swiss"]
[EventRounds "9"]
[EventCountry "ITA"]
[SourceTitle "CBM 136 Extra"]
[Source "ChessBase"]
[SourceDate "2010.07.02"]
[SourceVersion "2"]
[SourceVersionDate "2010.07.15"]
[SourceQuality "1"]

1. c4 Nf6 2. Nc3 e5 3. Nf3 Nc6 4. g3 d5 5. cxd5 Nxd5 6. Bg2 Nb6 7. 0-0 Be7 8. a3 0-0 9. b4 Re8 10. Rb1 Bf8 11. d3 a5 12. b5 Nd4 13. Bb2 Bg4 14. Nd2 c6 15. bxc6 Nxc6 16. Re1 Qd7 17. Qb3 Ra6 18. Na4 Nxa4 19. Qxa4 Bh5 20. Qb5 Qc7 21. Nc4 f6 22. Kf1 Bf7 23. Rec1 Rb8 24. Bc3 Na7 25. Qb2 b5 26. Ne3 Qd7 27. d4 exd4 28. Bxd4 Bxa3 29. Qxa3 Qxd4 30. Nf5 Qe5 31. Rc5 Qe6 32. Bd5 Qd7 33. Qf3 Rd8 34. Rd1 Nc6 35. Qg4 g6 36. Nh6+ Kg7 37. Nxf7 Qxg4 38. Nxd8 Nxd8 39. Bf3 Qb4 40. Rc7+ Kh6 41. Rxd8 Rd6 42. Rh8 Kg5 43. Rhxh7 Kf5 44. Rce7 Re6 45. Rd7 Rd6 46. Rde7 Re6 47. Rd7 1/2-1/2

[Event "Porto Mannu op"]
[Site "Porto Mannu"]
[Date "2008.05.18"]
[Round "2"]
[White "Vita, Fabrizio"]
[Black "Mascellani, Marco"]
[Result "0-1"]
[WhiteElo "2082"]
[BlackElo "2309"]
[PlyCount "78"]
[EventDate "2008.05.17"]
[EventType "swiss"]
[EventRounds "9"]
[EventCountry "ITA"]
[SourceTitle "CBM 124 Extra"]
[Source "ChessBase"]
[SourceDate "2008.07.03"]
[SourceVersion "1"]
[SourceVersionDate "2008.07.03"]
[SourceQuality "1"]

1. c4 Nf6 2. Nc3 e5 3. Nf3 Nc6 4. a3 d6 5. g3 Be7 6. Bg2 0-0 7. 0-0 Be6 8. d3 h6 9. b4 a6 10. Bb2 Qd7 11. e4 Nh7 12. Nd5 f5 13. exf5 Bxf5 14. b5 axb5 15. cxb5 Na5 16. Rc1 Bd8 17. a4 c6 18. bxc6 bxc6 19. Ne3 Be6 20. Nd2 Ng5 21. f4 Nh3+ 22. Bxh3 Bxh3 23. Ng2 Bb6+ 24. Kh1 exf4 25. gxf4 Bxg2+ 26. Kxg2 Be3 27. Rc2 Bxf4 28. Ne4 Rf7 29. Rcf2 Raf8 30. Bc3 Nb7 31. Nf6+ gxf6 32. Rxf4 Qe6 33. Qf3 Nc5 34. Qxc6 Rg7+ 35. Kh1 Nxd3 36. Rxf6 Rxf6 37. Rxf6 Qxf6 38. Qc4+ Qf7 39. Qxd3 Qb7+ 0-1

[Event "Epetium op"]
[Site "Stobrec"]
[Date "2006.08.17"]
[Round "5"]
[White "Vita, Fabrizio"]
[Black "Marcic, Ivica"]
[Result "1-0"]
[WhiteElo "2081"]
[BlackElo "2039"]
[PlyCount "87"]
[EventDate "2006.08.11"]
[EventType "swiss"]
[EventRounds "7"]
[EventCountry "CRO"]
[SourceTitle "EXT 2007"]
[Source "ChessBase"]
[SourceDate "2006.11.23"]
[SourceVersion "1"]
[SourceVersionDate "2006.11.23"]
[SourceQuality "1"]

1. Nf3 Nf6 2. c4 e6 3. g3 b6 4. Bg2 Bb7 5. 0-0 Be7 6. b3 0-0 7. Bb2 d5 8. e3 Nbd7 9. Nc3 c5 10. Qe2 Rc8 11. Rac1 Qc7 12. cxd5 exd5 13. d4 Qb8 14. dxc5 bxc5 15. Ba3 Rfe8 16. Rfd1 Bf8 17. Qb5 Qa8 18. Ne1 Bc6 19. Qa6 Re6 20. Bh3 Bb7 21. Qf1 Ra6 22. Bb2 Rd6 23. Nb5 Ba6 24. Bxf6 Bxb5 25. Qxb5 Rb8 26. Qe2 Nxf6 27. Rxc5 a5 28. Bg2 a4 29. bxa4 Qxa4 30. Nf3 Rdb6 31. Rc2 Ba3 32. Nd4 Bb2 33. Nf5 Qxa2 34. Ne7+ Kf8 35. Nxd5 Nxd5 36. Bxd5 Qa5 37. Qh5 Rf6 38. Qxh7 Rd8 39. Rxb2 Rxd5 40. Qh8+ Ke7 41. Rb7+ Kd6 42. Rxd5+ Qxd5 43. Qb8+ Ke6 44. Qe8+ 1-0

[Event "Epetium op"]
[Site "Stobrec"]
[Date "2006.08.16"]
[Round "4"]
[White "Maslov, Zeljko"]
[Black "Vita, Fabrizio"]
[Result "0-1"]
[WhiteElo "2013"]
[BlackElo "2081"]
[PlyCount "58"]
[EventDate "2006.08.11"]
[EventType "swiss"]
[EventRounds "7"]
[EventCountry "CRO"]
[SourceTitle "EXT 2007"]
[Source "ChessBase"]
[SourceDate "2006.11.23"]
[SourceVersion "1"]
[SourceVersionDate "2006.11.23"]
[SourceQuality "1"]

1. d4 Nf6 2. Bg5 Ne4 3. Bh4 c5 4. f3 Qa5+ 5. c3 Nf6 6. dxc5 Qxc5 7. Bf2 Qa5 8. e4 e6 9. Nd2 d5 10. e5 Nfd7 11. f4 Be7 12. Ngf3 0-0 13. Bd3 Nc6 14. Nb3 Qc7 15. Qc2 f5 16. 0-0-0 b6 17. g4 Nc5 18. Nxc5 bxc5 19. Rhg1 c4 20. Be2 Bd7 21. Be3 Be8 22. gxf5 Rxf5 23. Bf1 Bg6 24. Qd2 Rb8 25. Rxg6 hxg6 26. Bh3 Qa5 27. Bxf5 gxf5 28. Qc2 Qxa2 29. Nd2 Ba3 0-1

[Event "San Martino di Castrozza op 3rd"]
[Site "San Martino di Castrozza"]
[Date "2002.07.06"]
[Round "6"]
[White "Vita, Fabrizio"]
[Black "Cattafi, Giuseppe"]
[Result "1/2-1/2"]
[WhiteElo "2069"]
[BlackElo "1810"]
[PlyCount "63"]
[EventDate "2002.07.01"]
[EventType "swiss"]
[EventRounds "7"]
[EventCountry "ITA"]
[SourceTitle "EXT 2007"]
[Source "ChessBase"]
[SourceDate "2006.11.23"]
[SourceVersion "1"]
[SourceVersionDate "2006.11.23"]
[SourceQuality "1"]

1. c4 c6 2. Nf3 Nf6 3. g3 d5 4. b3 Bf5 5. Bg2 e6 6. 0-0 Nbd7 7. Bb2 Be7 8. d3 0-0 9. Nbd2 h6 10. Re1 Bh7 11. a3 a5 12. Rc1 Rc8 13. Rc2 Bc5 14. Qa1 Qb6 15. Rf1 Rfe8 16. Rcc1 Qa7 17. Ne5 Bf8 18. Ndf3 Nc5 19. Bd4 Qa6 20. Qb2 b5 21. cxb5 cxb5 22. Rc2 a4 23. Bxc5 axb3 24. Qxb3 Rxc5 25. Rxc5 Bxc5 26. Rc1 Qxa3 27. Qxa3 Bxa3 28. Rc7 Re7 29. Rc8+ Re8 30. Rc7 Re7 31. Rc8+ Re8 32. Rc7 1/2-1/2

[Event "Bratto op 19th"]
[Site "Bratto"]
[Date "1999.??.??"]
[Round "4"]
[White "Pass, Deborah"]
[Black "Vita, Fabrizio"]
[Result "1-0"]
[WhiteElo "2021"]
[BlackElo "2114"]
[PlyCount "133"]
[EventDate "1999.??.??"]
[EventType "swiss"]
[EventRounds "9"]
[EventCountry "ITA"]
[SourceTitle "EXT 2000"]
[Source "ChessBase"]
[SourceDate "1999.11.16"]
[SourceVersion "1"]
[SourceVersionDate "1999.11.16"]
[SourceQuality "1"]

1. e4 c5 2. Nf3 d6 3. d3 Nc6 4. g3 g6 5. Bg2 Bg7 6. 0-0 Nf6 7. Nbd2 0-0 8. c3 e5 9. Re1 h6 10. a4 Be6 11. Nc4 Qc7 12. Ne3 Rad8 13. c4 Nb4 14. Nd5 Nfxd5 15. cxd5 Bc8 16. Qb3 Kh7 17. Bd2 a5 18. Rac1 Qe7 19. Rf1 f5 20. Ne1 f4 21. f3 h5 22. Nc2 Bh6 23. Nxb4 axb4 24. Qd1 Rf7 25. Rf2 b6 26. b3 Ba6 27. Qe2 Qf8 28. Rcf1 Ra8 29. Bh3 Rfa7 30. Rg2 b5 31. gxf4 Bxf4 32. Be1 Qe7 33. Bg3 bxa4 34. bxa4 Bb7 35. Bxf4 exf4 36. Qd2 g5 37. Bf5+ Kh8 38. Qb2+ Qg7 39. Qxg7+ Kxg7 40. Rxg5+ Kf6 41. Rg6+ Ke5 42. Re6+ Kd4 43. Rxd6 Rxa4 44. Rd1 b3 45. Rb6 Rb4 46. Rxb4+ cxb4 47. d6 Bc6 48. Rb1 Kc3 49. e5 Rd8 50. Kf2 b2 51. d4 Ba4 52. Re1 Kxd4 53. Re4+ Kc3 54. Re2 Bd1 55. Re1 Bc2 56. Bxc2 Kxc2 57. Re2+ Kb3 58. Re1 Ka2 59. e6 Rxd6 60. e7 b1Q 61. Rxb1 Kxb1 62. e8Q b3 63. Qe4+ Ka2 64. Qa4+ Kb2 65. Qxf4 Ra6 66. Qe5+ Ka3 67. Qa1+ 1-0

[Event "Bratto op 19th"]
[Site "Bratto"]
[Date "1999.??.??"]
[Round "8"]
[White "Vita, Fabrizio"]
[Black "Capece, Adolivio"]
[Result "1-0"]
[WhiteElo "2114"]
[BlackElo "2051"]
[PlyCount "78"]
[EventDate "1999.??.??"]
[EventType "swiss"]
[EventRounds "9"]
[EventCountry "ITA"]
[SourceTitle "EXT 2000"]
[Source "ChessBase"]
[SourceDate "1999.11.16"]
[SourceVersion "1"]
[SourceVersionDate "1999.11.16"]
[SourceQuality "1"]

1. c4 c5 2. Nc3 Nc6 3. g3 g6 4. Bg2 Bg7 5. Nf3 d6 6. 0-0 Bg4 7. d3 Qd7 8. Re1 Bh3 9. Bh1 h5 10. Bg5 f6 11. Bd2 h4 12. Nd5 hxg3 13. hxg3 Ne5 14. Bc3 Nh6 15. d4 cxd4 16. Bxd4 Nf5 17. Rc1 Bg4 18. Bxe5 fxe5 19. Nd2 e6 20. Nc3 Bh6 21. Nde4 Ke7 22. Ra1 Rac8 23. Qd3 Nd4 24. Nd1 b5 25. Ne3 Bxe3 26. Qxe3 Rh5 27. Rac1 d5 28. cxd5 Rxc1 29. Qxc1 exd5 30. Qc5+ Ke6 31. Nc3 Rxh1+ 32. Kxh1 b4 33. Qxb4 Qh7+ 34. Kg1 Bf3 35. exf3 Nxf3+ 36. Kg2 Nxe1+ 37. Kf1 Qh1+ 38. Ke2 Nc2 39. Qg4+ Ke7 1-0

[Event "Bratto op 19th"]
[Site "Bratto"]
[Date "1999.??.??"]
[Round "3"]
[White "Vita, Fabrizio"]
[Black "Temi, Walter"]
[Result "1/2-1/2"]
[WhiteElo "2114"]
[BlackElo "2096"]
[PlyCount "69"]
[EventDate "1999.??.??"]
[EventType "swiss"]
[EventRounds "9"]
[EventCountry "ITA"]
[SourceTitle "EXT 2000"]
[Source "ChessBase"]
[SourceDate "1999.11.16"]
[SourceVersion "1"]
[SourceVersionDate "1999.11.16"]
[SourceQuality "1"]

1. Nf3 Nf6 2. g3 g6 3. b4 Bg7 4. Bb2 0-0 5. Bg2 d5 6. 0-0 c6 7. d3 Qb6 8. a3 a5 9. Nbd2 axb4 10. axb4 Rxa1 11. Qxa1 Qxb4 12. Ba3 Qa5 13. Bxe7 Qxa1 14. Rxa1 Re8 15. Bxf6 Bxf6 16. Ra8 Na6 17. e4 Nb4 18. exd5 cxd5 19. c4 Bd7 20. Rxe8+ Bxe8 21. d4 dxc4 22. Nxc4 Bc6 23. Nfe5 Bxg2 24. Kxg2 Nc6 25. Nxc6 bxc6 26. Na5 Bxd4 27. Nxc6 Bc3 28. f4 f6 29. Ne7+ Kf7 30. Nd5 Bd2 31. Kf3 f5 32. h3 h6 33. g4 Ke6 34. Nc7+ Kf6 35. Nd5+ 1/2-1/2

[Event "Corsico op2"]
[Site "Corsico"]
[Date "1998.??.??"]
[Round "2"]
[White "Barlo, Werner"]
[Black "Vita, Fabrizio"]
[Result "1-0"]
[WhiteElo "2180"]
[BlackElo "2135"]
[PlyCount "63"]
[EventDate "1998.??.??"]
[EventType "swiss"]
[EventRounds "6"]
[EventCountry "ITA"]
[SourceTitle "EXT 2002"]
[Source "ChessBase"]
[SourceDate "2001.11.25"]
[SourceVersion "1"]
[SourceVersionDate "2001.11.25"]
[SourceQuality "1"]

1. d4 Nf6 2. Nf3 g6 3. Bf4 Bg7 4. e3 0-0 5. Be2 d5 6. c4 c5 7. Nc3 Nc6 8. 0-0 cxd4 9. exd4 dxc4 10. Bxc4 Bg4 11. d5 Na5 12. Be2 Rc8 13. Re1 Nc4 14. Qb3 Nxb2 15. Rab1 Bxf3 16. gxf3 Rxc3 17. Qxc3 Nxd5 18. Qc1 Qd7 19. Bh6 Rc8 20. Qg5 Bf6 21. Qg4 e6 22. Bf1 b5 23. Rec1 b4 24. Rxc8+ Qxc8 25. Rc1 Bc3 26. Qd4 f6 27. Qxa7 Nc7 28. a3 g5 29. axb4 Be5 30. b5 Kf7 31. b6 Kg6 32. b7 1-0

[Event "Corsico op2"]
[Site "Corsico"]
[Date "1998.??.??"]
[Round "1"]
[White "Vita, Fabrizio"]
[Black "Bozzali, Ermanno"]
[Result "1-0"]
[WhiteElo "2135"]
[BlackElo "2070"]
[PlyCount "69"]
[EventDate "1998.??.??"]
[EventType "swiss"]
[EventRounds "6"]
[EventCountry "ITA"]
[SourceTitle "EXT 2002"]
[Source "ChessBase"]
[SourceDate "2001.11.25"]
[SourceVersion "1"]
[SourceVersionDate "2001.11.25"]
[SourceQuality "1"]

1. c4 Nf6 2. g3 e6 3. Bg2 d5 4. Nf3 Be7 5. d4 0-0 6. 0-0 dxc4 7. Ne5 Nc6 8. Nxc6 bxc6 9. Nc3 Nd5 10. Qa4 Nb6 11. Qxc6 Rb8 12. Qb5 Bb7 13. Bxb7 Rxb7 14. a4 Qb8 15. a5 Nd5 16. Qxc4 Rd8 17. Nxd5 Rxd5 18. Ra4 Bf6 19. e3 Rb3 20. Qc6 Rd6 21. Qc2 e5 22. Rc4 Rd7 23. d5 Rb5 24. d6 Rxd6 25. Rxc7 Rd8 26. Qc4 Rf8 27. Rd1 Rb4 28. Qc6 e4 29. Rdd7 Bxb2 30. Bxb2 Rxb2 31. Qxe4 Rb1+ 32. Kg2 Qb5 33. Qc4 Qxc4 34. Rxc4 Rb5 35. Rxa7 1-0

[Event "ITA Universities-chT 3rd"]
[Site "Asiago"]
[Date "1995.09.08"]
[Round "5.1"]
[White "Vita, Fabrizio"]
[Black "Marrara, Francesco"]
[Result "1/2-1/2"]
[WhiteElo "1959"]
[BlackElo "1790"]
[PlyCount "90"]
[EventDate "1995.09.06"]
[EventType "team-swiss"]
[EventRounds "5"]
[EventCountry "ITA"]
[SourceTitle "EXT 2023"]
[Source "ChessBase"]
[SourceDate "2022.10.05"]
[SourceVersion "1"]
[SourceVersionDate "2022.10.05"]
[SourceQuality "1"]
[WhiteTeam "Pavia"]
[BlackTeam "Messina"]
[WhiteTeamCountry "ITA"]
[BlackTeamCountry "ITA"]

1. c4 Nf6 2. Nc3 e6 3. Nf3 d5 4. d4 Be7 5. g3 0-0 6. Bg2 b6 7. 0-0 Bb7 8. cxd5 Nxd5 9. Nxd5 Bxd5 10. b3 Nd7 11. Bb2 Nf6 12. e3 Qc8 13. Ne5 Bxg2 14. Kxg2 Qb7+ 15. Qf3 Nd5 16. Rac1 c5 17. Rfd1 cxd4 18. Bxd4 f6 19. Nc4 Rfd8 20. Kg1 Qa6 21. e4 Nb4 22. a4 Qb7 23. Qe2 e5 24. Bb2 Na6 25. Ne3 Nc5 26. f3 Kh8 27. Qc4 Rxd1+ 28. Rxd1 Rd8 29. Rxd8+ Bxd8 30. Nd5 Qa6 31. Qxa6 Nxa6 32. Ba3 Kg8 33. Kf2 Kf7 34. Ke3 Ke6 35. Kd3 Nb8 36. b4 a6 37. b5 axb5 38. axb5 Nd7 39. Bb4 g6 40. g4 f5 41. gxf5+ gxf5 42. h3 h5 43. Kc4 f4 44. Ba3 Kf7 45. Bb4 Ke6 1/2-1/2

[Event "ITA Universities-chT 3rd"]
[Site "Asiago"]
[Date "1995.09.06"]
[Round "2.1"]
[White "Bellomo, Francesco"]
[Black "Vita, Fabrizio"]
[Result "1-0"]
[WhiteElo "2277"]
[BlackElo "1959"]
[PlyCount "62"]
[EventDate "1995.09.06"]
[EventType "team-swiss"]
[EventRounds "5"]
[EventCountry "ITA"]
[SourceTitle "EXT 2023"]
[Source "ChessBase"]
[SourceDate "2022.10.05"]
[SourceVersion "1"]
[SourceVersionDate "2022.10.05"]
[SourceQuality "1"]
[WhiteTeam "Bari"]
[BlackTeam "Pavia"]
[WhiteTeamCountry "ITA"]
[BlackTeamCountry "ITA"]

1. Nf3 c5 2. g3 Nc6 3. Bg2 g6 4. 0-0 Bg7 5. d3 e6 6. e4 Nge7 7. c3 0-0 8. d4 cxd4 9. cxd4 d5 10. e5 f6 11. Re1 Qb6 12. Nc3 Nf5 13. Na4 Qb4 14. a3 Qe7 15. g4 Nfxd4 16. Nxd4 fxe5 17. Nxc6 bxc6 18. Qd3 e4 19. Qg3 Bd7 20. Be3 d4 21. Bf4 e5 22. Rxe4 exf4 23. Rxe7 fxg3 24. Rxd7 gxh2+ 25. Kxh2 Rxf2 26. Re1 Rc8 27. Rde7 Bf6 28. R7e6 Bg7 29. Kg3 Rc2 30. g5 Rc4 31. b3 Rc2 1-0